Real-time live Interpreting of broadcasts diplomová práca

Saved in:
Bibliographic Details
Main Author: Tatarina, Yelyzaveta
Corporate Author: Fakulta aplikovaných jazykov EU v Bratislave. Katedra jazykovedy a translatológie
Other Authors: Štefčík, Jozef, 1976-
Format: Book
Language:English
Published: Bratislava 2025
Tags: Add Tag
No Tags, Be the first to tag this record!

MARC

LEADER 00000nbm a2200000 4500
001 0308941
005 20260211105418.3
041 0 |a eng 
044 |a SK 
245 1 0 |a Real-time live Interpreting of broadcasts  |b diplomová práca  |c Yelyzaveta Tatarina ; školiteľ: Jozef Štefčík 
264 1 |a Bratislava  |c 2025 
300 |a 99 s. 
100 1 |a Tatarina, Yelyzaveta 
700 1 |a Štefčík, Jozef, 1976- 
710 2 |a Fakulta aplikovaných jazykov EU v Bratislave. Katedra jazykovedy a translatológie